000 00935nam a2200193 a 4500
001 000676795
003 AM-YeHGA
005 20250617142103.0
008 090804s1986 ||| r 000 0 rus d
040 _aAM-YeHGA
041 0 _arus
245 0 0 _aБиобиблиографический словарь профессоров и преподавателей Казанского университета :
_b1905-1917 /
_c[Составители Е. М. Мишина и др.].
260 _aКазань :
_bИзд-во Казан. ун-та,
_c1986.
300 _a80 с.
653 0 _aУниверситеты - История - Биобиблиографические словари
653 0 _aУниверситеты - Профессорско-преподавательский состав - Биобиблиографические словари
700 1 _aМишина, Е.М.
_eсост.
_4com
090 _c252370
999 _c250773
_d250773